Southville International School and Colleges
Your cart is empty.
  • Cart
  • Lists
    Public lists Eva Luna New books Lux_list list_1
    Your lists Log in to create your own lists
  • Log in to your account
  • Your cookies
  • Search history
Southville International School and Colleges
  • Advanced search
  • Recent comments
  • Most popular
  • Libraries

Log in to your account

Log in with GOOGLE


If you do not have an external account, but do have a local account, you can still log in:

  1. Home
  2. MARC view: Writing effective business rules :
Normal view MARC view ISBD view

Writing effective business rules : (Record no. 17101)

[ view plain ]
MARC details
000 -LEADER
fixed length control field 02943cam a22003857a 4500
001 - CONTROL NUMBER
control field 17384187
003 - CONTROL NUMBER IDENTIFIER
control field OSt
005 - DATE AND TIME OF LATEST TRANSACTION
control field 20140310182901.0
008 - FIXED-LENGTH DATA ELEMENTS--GENERAL INFORMATION
fixed length control field 120712s2012 maua f b 001 0 eng d
010 ## - LIBRARY OF CONGRESS CONTROL NUMBER
LC control number 2011277627
016 7# - NATIONAL BIBLIOGRAPHIC AGENCY CONTROL NUMBER
Record control number 015959177
Source Uk
020 ## - INTERNATIONAL STANDARD BOOK NUMBER
International Standard Book Number 9780123850515
035 ## - SYSTEM CONTROL NUMBER
System control number (OCoLC)ocn782206753
040 ## - CATALOGING SOURCE
Original cataloging agency AU@
Language of cataloging eng
Transcribing agency AU@
Modifying agency COO
-- COA
-- BTCTA
-- UKMGB
-- YDXCP
-- BWX
-- UBY
-- DLC
042 ## - AUTHENTICATION CODE
Authentication code lccopycat
050 00 - LIBRARY OF CONGRESS CALL NUMBER
Classification number QA 76.5913
Item number .W58 2012
100 1# - MAIN ENTRY--PERSONAL NAME
Personal name Witt, Graham C.
245 10 - TITLE STATEMENT
Title Writing effective business rules :
Remainder of title a practical method /
Statement of responsibility, etc Graham Witt.
260 ## - PUBLICATION, DISTRIBUTION, ETC. (IMPRINT)
Place of publication, distribution, etc Waltham, Mass. :
Name of publisher, distributor, etc Morgan Kaufmann/Elsevier,
Date of publication, distribution, etc 2012.
300 ## - PHYSICAL DESCRIPTION
Extent xx, 340 p. :
Other physical details ill. ;
Dimensions 23 cm.
504 ## - BIBLIOGRAPHY, ETC. NOTE
Bibliography, etc Includes bibliographical references (p. 303-304) and index.
505 0# - FORMATTED CONTENTS NOTE
Formatted contents note The world of rules -- How rules work -- A brief history of rules -- Types of rules -- The building blocks of natural language rule statements -- Fact models -- How to write quality natural language rule statements -- An end-to-end rule management methodology -- Rule statement templates and subtemplates.
520 ## - SUMMARY, ETC.
Summary, etc Writing Effective Business Rules moves beyond the fundamental dilemma of system design: defining business rules either in natural language, intelligible but often ambiguous, or program code (or rule engine instructions), unambiguous but unintelligible to stakeholders. Designed to meet the needs of business analysts, this book provides an exhaustive analysis of rule types and a set of syntactic templates from which unambiguous natural language rule statements of each type can be generated. A user guide to the SBVR [Semantics of Business Vocabulary and Business Rules] specification, it explains how to develop an appropriate business vocabulary and generate quality rule statements using the appropriate templates and terms from the vocabulary. The resulting rule statements can be reviewed by business stakeholders for relevance and correctness, providing for a high level of confidence in their successful implementation. A complete set of standard templates for rule statements and their component syntactic elements A rigorous approach to rule statement construction to avoid ambiguity and ensure consistency. A clear explanation of the way in which a fact model provides and constrains the rule statement vocabulary A practical reader-friendly user guide to the those parts of the SBVR specification that are relevant to rule authoring--
521 ## - TARGET AUDIENCE NOTE
Target audience note
562 ## - COPY AND VERSION IDENTIFICATION NOTE
Number of copies For circulation. 1 copy available in the collection.
650 #0 - SUBJECT ADDED ENTRY--TOPICAL TERM
Topical term or geographic name as entry element Semantic computing.
650 #0 - SUBJECT ADDED ENTRY--TOPICAL TERM
Topical term or geographic name as entry element Rule-based programming.
650 #0 - SUBJECT ADDED ENTRY--TOPICAL TERM
Topical term or geographic name as entry element Data structures (Computer science)
650 #0 - SUBJECT ADDED ENTRY--TOPICAL TERM
Topical term or geographic name as entry element Natural language processing (Computer science)
650 #0 - SUBJECT ADDED ENTRY--TOPICAL TERM
Topical term or geographic name as entry element Electronic data processing.
906 ## - LOCAL DATA ELEMENT F, LDF (RLIN)
a 7
b cbc
c copycat
d 2
e ncip
f 20
g y-gencatlg
942 ## - ADDED ENTRY ELEMENTS (KOHA)
Source of classification or shelving scheme Library of Congress Classification
Koha item type Books
Call number prefix Foreign
Holdings
Withdrawn status Lost status Source of classification or shelving scheme Damaged status Home library Current library Shelving location Date acquired Source of acquisition Cost, normal purchase price Total Checkouts Full call number Barcode Date last seen Copy number Price effective from Koha item type
    Library of Congress Classification   College Library College Library General Circulation Section 08/28/2012   3897.00   QA 76.5913 .W58 2012 C15223 05/15/2018 1 10/18/2013 Books

Writing effective business rules :

APA

Witt G. C., . (2012). Writing effective business rules. Waltham, Mass: Morgan Kaufmann/Elsevier.

Chicago

Witt Graham C, . 2012. Writing effective business rules. Waltham, Mass: Morgan Kaufmann/Elsevier.

Harvard

Witt G. C., . (2012). Writing effective business rules. Waltham, Mass: Morgan Kaufmann/Elsevier.

MLA

Witt Graham C, . Writing effective business rules. Waltham, Mass: Morgan Kaufmann/Elsevier. 2012.

  • Place hold
  • Print
  • Cite
  • Add to your cart (remove)
  • Save record
    BIBTEX Dublin Core MARCXML MARC (non-Unicode/MARC-8) MARC (Unicode/UTF-8) MARC (Unicode/UTF-8, Standard) MODS (XML) RIS
  • More searches
    Search for this title in:
    Other Libraries (WorldCat) Other Databases (Google Scholar) Online Stores (Bookfinder.com) Open Library (openlibrary.org)

Exporting to Dublin Core...

SOUTHVILLE LIBRARY

Southville International School and Colleges Library

1281 Tropical Ave. Cor. Luxembourg St., BF Homes International, Las Pinas City

Tel. No. 8256374 / 252358 Loc. 117/146

Powered by Koha